Statistics for Las Vegas Raiders 2021 Roster

Click here to take the quiz!

General Stats

  • This quiz has been taken 55 times
  • The average score is 21 of 38

Answer Stats

Pos.Player% Correct
QBDerek Carr
100%
TEDarren Waller
98%
WRHenry Ruggs
93%
RBJosh Jacobs
93%
QBMarcus Mariota
89%
WRHunter Renfrow
86%
DEMaxx Crosby
86%
WRBryan Edwards
80%
CoachJon Gruden
73%
RBKenyan Drake
70%
KDaniel Carlson
68%
TEFoster Moreau
68%
SJohnathan Abram
68%
QBNathan Peterman
68%
WRZay Jones
68%
OTAlex Leatherwood
61%
CBTrayvon Mullen
57%
PAJ Cole
55%
RBJalen Richard
55%
CBCasey Hayward
52%
OGRichie Incognito
52%
DEClelin Ferrell
50%
OTKolton Miller
50%
CBDamon Arnette
48%
CAndre James
45%
STrevon Moehrig
43%
OGDenzelle Good
41%
WRJohn Brown
39%
DTQuinton Jefferson
39%
LBCory Littleton
36%
DEYannick Ngakoue
36%
DTJohnathan Hankins
34%
LBNicholas Morrow
32%
DTSolomon Thomas
30%
WRWillie Snead
30%
LBNick Kwiatkoski
23%
SKarl Joseph
14%
CBRasul Douglas
7%

Score Distribution

Percentile by Number Answered

Percent of People with Each Score

Your Score History

You have not taken this quiz